Loading...
| Fine Arts - Painting and Sculpture | 0 | 2 | 0 | 1 | 20 | 134 | 138.00 | 0 | 1 | 0.06 | 3.64 |
| Pop Culture | 0 | 2 | 0 | 1 | 20 | 48 | 51.00 | 1 | 2 | 63.29 | 80.00 |
| Fine Arts - Other | 0 | 2 | 0 | 0 | 20 | 121 | 124.50 | 0 | 0 | 0.71 | 3.64 |
| Literature - American | 0 | 2 | 1 | 1 | 15 | 95 | 118.50 | 1 | 2 | 2.99 | 10.91 |
| Literature - European | 0 | 1 | 0 | 0 | 10 | 136 | 136.00 | 0 | 0 | 0.00 | 1.82 |
| Mythology | 0 | 1 | 0 | 0 | 10 | 120 | 120.00 | 0 | 1 | 0.43 | 3.64 |
| History - American | 0 | 1 | 1 | 1 | 5 | 117 | 117.00 | 0 | 0 | 0.00 | 1.82 |
| Fine Arts - Classical Music | 0 | 0 | 0 | 0 | 0 | 0.00 | 0 | 0 | 0.00 | 0.00 | |
| Literature - British | 0 | 1 | 2 | 0 | 0 | 116 | 116.00 | 0 | 1 | 1.04 | 5.45 |
| Literature - World | 0 | 0 | 1 | 0 | -5 | 0.00 | 0 | 0 | 0.00 | 0.00 | |
| Social Science | 0 | 0 | 1 | 0 | -5 | 0.00 | 0 | 0 | 0.00 | 0.00 |